000 00483nam a2200157 i 4500
001 69618
003 ES-MaACL
005 20230906170548.0
007 t|
008 040708s1958 sp ||||1| spa d
100 1 _aGarcía Fernández, José.
_954599
245 1 0 _aCereales de invierno
_b: (trigo, centeno, cebada y avena) /
_cJosé García Fernández.
260 _aMadrid :
_bDossat,
_c1958 (
_fReyes)
300 _a159 p. :
_bil. ;
_c26 cm.
852 _aES-MaACL
_jC-14958
_bR.43045
999 _c69618
_d69618